00840nab a2200217uuc4500001000800000005001700008008004100025035001200066040001300078041000800091100005600099245009900155650002400254650003500278650005500313700004600368700003900414773014000453942001000593999001900603140416420240202121359.0150320e20150605 spa  a1404164 ccomduadb aspa10aCamelo Garzón, Ángela Natalia4auteaut968555810aEvaluación y seguimiento de planes de ordenamiento territorial en los municipios de Colombia aSeguimiento9197149 aModelos de evaluación981476 aPlan de Ordenamiento Territorial - Colombia98279210aSolarte Pazos, Leonardo4auteaut952864310aLópez, Oswaldo4auteaut96986590 tSociedad y Economía : Facultad de Ciencias Sociales y Económicas (Cali)gNo. 28, Ene.-Jun. 2015, 163-180w901302x1657-63570332084 cARIMP c710254d710254